HBR guide to being more productive

Every day begins with the same challenge: too many tasks on your to-do list and not enough time to accomplish them. Perhaps you tell yourself to just buckle down and get it all done--skip lunch, work a longer day. Maybe you throw your hands up, recognize you can't do it all, and just begin figh...

وصف كامل

محفوظ في:
التفاصيل البيبلوغرافية
التنسيق: كتاب
اللغة:Undetermined
منشور في: Boston Harvard Business Review Press 2017
الموضوعات:
الوسوم: إضافة وسم
لا توجد وسوم, كن أول من يضع وسما على هذه التسجيلة!
Thư viện lưu trữ: Trung tâm Học liệu Trường Đại học Cần Thơ
LEADER 01495nam a2200169Ia 4500
001 CTU_231207
008 210402s9999 xx 000 0 und d
082 |a 658.4 
082 |b H339 
245 0 |a HBR guide to being more productive 
260 |a Boston 
260 |b Harvard Business Review Press 
260 |c 2017 
520 |a Every day begins with the same challenge: too many tasks on your to-do list and not enough time to accomplish them. Perhaps you tell yourself to just buckle down and get it all done--skip lunch, work a longer day. Maybe you throw your hands up, recognize you can't do it all, and just begin fighting the biggest fire or greasing the squeakiest wheel. And yet you know how good it feels on those days when you're working at peak productivity, taking care of difficult and meaty projects while also knocking off the smaller tasks that have been hanging over your head forever. Those are the times when your day didn't run you--you ran your day. To have more of those days more often, you need to discover what works for you given your strengths, your preferences, and the things you must accomplish. Whether you're an assistant or the CEO, whether you've been in the workforce for 40 years or are just starting out, this guide will help you be more productive. 
650 |a Industrial productivity,Psychology, Industrial,Năng suất công nghiệp,Tâm lý, công nghiệp 
910 |b vtbtruc 
980 |a Trung tâm Học liệu Trường Đại học Cần Thơ